Informationsasymmetrien Bei M&A Transaktionen Eine empirische Analyse möglicher Risiken
Uložené v:
| Hlavný autor: | |
|---|---|
| Ďalší autori: | , , , |
| Médium: | Kniha |
| Jazyk: | German |
| Vydavateľské údaje: |
Frankfurt am Main
Neowiss - Europäischer Wissenschaftsverlag
2019
|
| Vydanie: | 1. Auflage |
| Edícia: | Wissenschaftsedition
|
| Predmet: | |
| Tagy: |
Žiadne tagy, Buďte prvý, kto otaguje tento záznam!
|
MARC
| LEADER | 00000nam a2200000 4500 | ||
|---|---|---|---|
| 001 | 0260884 | ||
| 005 | 20240502083746.2 | ||
| 020 | |a 978-3-945484-17-3 | ||
| 041 | 0 | |a ger | |
| 044 | |a DE | ||
| 245 | 1 | 0 | |a Informationsasymmetrien Bei M&A Transaktionen |b Eine empirische Analyse möglicher Risiken |c Sven Ludwig, Peter Markovič ; Gutachtern: Miroslav Majtán, Peter Dorčák, Zuzana Juhászová |
| 250 | |a 1. Auflage | ||
| 264 | 1 | |a Frankfurt am Main |b Neowiss - Europäischer Wissenschaftsverlag |c 2019 | |
| 300 | |a 160 s. [9,12 AH] | ||
| 490 | 1 | |a Wissenschaftsedition | |
| 830 | 0 | |a Wissenschaftsedition | |
| 610 | 2 | 0 | |a analýza empirická |
| 610 | 2 | 0 | |a porovnanie medzinárodné |
| 610 | 2 | 0 | |a Čína |
| 610 | 2 | 0 | |a fúzie |
| 610 | 2 | 0 | |a akvizícia |
| 610 | 2 | 0 | |a výskum |
| 610 | 2 | 0 | |a teória a prax |
| 100 | 1 | |a Ludwig, Sven | |
| 700 | 1 | |a Markovič, Peter, 1974- | |
| 700 | 1 | |a Majtán, Miroslav | |
| 700 | 1 | |a Dorčák, Peter, 1979- | |
| 700 | 1 | |a Juhászová, Zuzana, 1970- | |